Estudios para el diálogo macroeconómico en el MERCOSUR / (Registro nro. 8509)
[ vista simple ]
| 000 -LEADER | |
|---|---|
| fixed length control field | 02246nam a2200277Ia 4500 |
| 003 - CONTROL NUMBER IDENTIFIER | |
| control field | OSt |
| 005 - DATE AND TIME OF LATEST TRANSACTION | |
| control field | 20210907125441.0 |
| 008 - FIXED-LENGTH DATA ELEMENTS--GENERAL INFORMATION | |
| fixed length control field | 210310s2011 ag ad fr 000 0 spa d |
| 020 ## - INTERNATIONAL STANDARD BOOK NUMBER | |
| International Standard Book Number | 9789503200261 |
| 040 ## - CATALOGING SOURCE | |
| Original cataloging agency | CO-JMCR |
| Transcribing agency | CO-JMCR |
| 041 0# - LANGUAGE CODE | |
| Language code of text/sound track or separate title | spa |
| 082 04 - DEWEY DECIMAL CLASSIFICATION NUMBER | |
| Classification number | 339.309 / |
| Item number | A691e |
| Edition number | 23 |
| 110 1# - MAIN ENTRY--CORPORATE NAME | |
| Corporate name or jurisdiction name as entry element | Argentina. |
| Subordinate unit | Ministerio de Economía y Finanzas Públicas |
| 9 (RLIN) | 40096 |
| 245 #0 - TITLE STATEMENT | |
| Title | Estudios para el diálogo macroeconómico en el MERCOSUR / |
| Statement of responsibility, etc. | Ministerio de Economía y Finanzas Públicas |
| 250 ## - EDITION STATEMENT | |
| Edition statement | 1a. edición |
| 260 ## - PUBLICATION, DISTRIBUTION, ETC. | |
| Place of publication, distribution, etc. | Buenos Aires : |
| Name of publisher, distributor, etc. | Ministerio de Economía y Finanzas Públicas, |
| Date of publication, distribution, etc. | 2011 |
| 300 ## - PHYSICAL DESCRIPTION | |
| Extent | 213 páginas : |
| Other physical details | Ilustraciones, gráficas y mapas a color ; |
| Dimensions | 30 cm. |
| 500 ## - GENERAL NOTE | |
| General note | Incluye notas a pie de página. |
| 504 ## - BIBLIOGRAPHY, ETC. NOTE | |
| Bibliography, etc. note | Bibliografía al final de cada capítulo. |
| 505 0# - FORMATTED CONTENTS NOTE | |
| Formatted contents note | Coordinación de políticas en un contexto de crisis -- Asimetrías macroeconómicas entre los países de MERCOSUR -- La movilidad del factor trabajo en el MERCOSUR -- Movilidad de factores en el MERCOSUR. Libre circulación de capitales productivos (IED) -- Complementación productiva e integración regional. La experiencia europea y el caso del MERCOSUR |
| 520 3# - SUMMARY, ETC. | |
| Summary, etc. | El Grupo de Monitoreo Macroeconómico (GMM) promueve el estudio y análisis de los aspectos relacionados con los impactos que tienen las distintas políticas macroeconómicas implementadas en la región y de los aspectos que vinculan sus economías.<br/>Se presentan cinco estudios sobre temas prioritarios establecidos por el GMM para el diálogo macroeconómico en los cuatro países del MERCOSUR. Estos son: la coordinación de políticas, las asimetrías macroeconómicas y sectoriales, la movilidad de los factores (capital y trabajo) y las experiencias sectoriales de integración.<br/>Los trabajos se nutrieron de la experiencia europea en materia de coordinación macroeconómica con el propósito de extraer conclusiones lecciones de política de utilidad para el funcionamiento del MERCOSUR y fueron realizados en el marco del Proyecto de Cooperación y Financiera UE-MERCOSUR Apoyo al Monitoreo Macroeconómico del MERCOSUR. |
| 650 14 - SUBJECT ADDED ENTRY--TOPICAL TERM | |
| Topical term or geographic name entry element | Macroeconomía |
| 9 (RLIN) | 17479 |
| 650 24 - SUBJECT ADDED ENTRY--TOPICAL TERM | |
| Topical term or geographic name entry element | Economía regional |
| 9 (RLIN) | 3020 |
| 650 24 - SUBJECT ADDED ENTRY--TOPICAL TERM | |
| Topical term or geographic name entry element | Política económica |
| 9 (RLIN) | 40097 |
| 942 ## - ADDED ENTRY ELEMENTS (KOHA) | |
| Source of classification or shelving scheme | Dewey Decimal Classification |
| Koha item type | Books |
| Withdrawn status | Lost status | Source of classification or shelving scheme | Damaged status | Not for loan | Collection code | Home library | Current library | Date acquired | Source of acquisition | Full call number | Barcode | Date last seen | Copy number | Koha item type |
|---|---|---|---|---|---|---|---|---|---|---|---|---|---|---|
| Dewey Decimal Classification | Non-fiction | Biblioteca Pública José María del Castillo y Rada | Biblioteca Pública José María del Castillo y Rada | 04/15/2018 | Donación | 339.309 / A691e | 430006177 | 05/16/2024 | Ej.1 | Books |